000 01569nam a2200277Ia 4500
999 _c55151
_d55151
001 22226
003 GE_BSU
005 20221215171236.0
008 181216s2016||||ge |||||||||||||| ||geo||
020 _a9789941135071
040 _cGE_BSU
041 _ageo
080 _a811.353.1'367 მ-91
100 _aმუზაშვილი, ნათელა
_916447
245 _aნასახელარი ზმნები ძველ ქართულში /
_cნათელა მუზაშვილი ; რედაქტორი ბ. ჯორბენაძე.
264 _aთბილისი :
_b[?],
_c2016.
300 _a132 გვ. ;
_c21სმ.
500 _aპარალელური სათაური და რეზიუმე ინგლისურ ენებზე
520 _aპარალ სათ. ინგლ. რეზიუმე ინგლისურ ენაზე.
541 _h3 ლ. 40თ.
653 _aნასახელარი ზმნები ძველ ქართულში
653 _aქართული ენა
700 _aჯორბენაძე, ბ.
_eრედაქტორი
_97226
710 _aივანე ჯავახიშვილის სახელობის თბილისის სახელმწიფო უნივერსიტეტი
_bარნოლდ ჩიქობავას სახელობის ენათმეცნიერების ინსტიტუტი
_916359
942 _cBK
_2udc